I want to win! (Record no. 368736)
[ view plain ]
| 000 -LEADER | |
|---|---|
| fixed length control field | 00625nam a22002057a 4500 |
| 003 - CONTROL NUMBER IDENTIFIER | |
| control field | 0 |
| 005 - DATE AND TIME OF LATEST TRANSACTION | |
| control field | 20260117141707.0 |
| 008 - FIXED-LENGTH DATA ELEMENTS--GENERAL INFORMATION | |
| fixed length control field | 260117b xxu||||| |||| 00| 0 eng d |
| 020 ## - INTERNATIONAL STANDARD BOOK NUMBER | |
| International Standard Book Number | 978-1-4451-5199-1 |
| 050 ## - LIBRARY OF CONGRESS CALL NUMBER | |
| Classification number | ER |
| Item number | Iw93 2017 |
| 082 ## - DEWEY DECIMAL CLASSIFICATION NUMBER | |
| Classification number | ER |
| Item number | Iw93 2017 |
| 100 ## - MAIN ENTRY--PERSONAL NAME | |
| Personal name | Graves, Sue |
| 245 ## - TITLE STATEMENT | |
| Title | I want to win! |
| Statement of responsibility, etc | Sue Graves |
| 260 ## - PUBLICATION, DISTRIBUTION, ETC. (IMPRINT) | |
| Place of publication, distribution, etc | London : |
| Name of publisher, distributor, etc | Franklin Watts, |
| Date of publication, distribution, etc | 2017. |
| 300 ## - PHYSICAL DESCRIPTION | |
| Extent | 29 pages : |
| Other physical details | colored illustrations ; |
| Dimensions | 24 cm. |
| 650 ## - SUBJECT ADDED ENTRY--TOPICAL TERM | |
| Topical term or geographic name as entry element | Competition (Psychology) |
| Form subdivision | Pictorial works |
| General subdivision | Juvenile fiction. |
| 650 ## - SUBJECT ADDED ENTRY--TOPICAL TERM | |
| Topical term or geographic name as entry element | Courtesy |
| Form subdivision | Pictorial works |
| General subdivision | Juvenile fiction. |
| 650 ## - SUBJECT ADDED ENTRY--TOPICAL TERM | |
| Topical term or geographic name as entry element | Children's stories. |
| 942 ## - ADDED ENTRY ELEMENTS (KOHA) | |
| Source of classification or shelving scheme | Dewey Decimal Classification |
| Koha item type | Books |
| Withdrawn status | Lost status | Source of classification or shelving scheme | Damaged status | Home library | Current library | Shelving location | Date acquired | Source of acquisition | Sub Shelving location | Total Checkouts | Full call number | Barcode | Date last seen | Price effective from | Koha item type |
|---|---|---|---|---|---|---|---|---|---|---|---|---|---|---|---|
| Dewey Decimal Classification | Munich Library | Munich Library | Easy Reading Section | 01/17/2026 | Library Fund | ER Iw93 2017 | M9241 | 01/17/2026 | 01/17/2026 | Books |